=LDR 00000nam 2200000 4500 =001 INLIS000000000003571 =005 20130612091855 =008 ***********************************Ind** =035 ##$$0010-061300000003571 =041 ##$$a Ind =082 ##$$a 610.001 =090 ##$$a 610.001, Inf =245 ##$$a Inferensi kausal, editor, Kenneth J. Rothman; penerjemah, Rossi Sanusi =260 ##$$a 1996 $b Yogyakarta =300 ##$$a 228 hlm., 21 cm =650 ##$$a Kedokteran,Filsafat =700 ##$$a Rothman, J. Kenneth =850 ##$$a NBPNMAT